[Event "SLO-chT 33rd"]
[Site "Slovenia"]
[Date "2023.10.15"]
[Round "6.5"]
[White "Spacapan, Simon"]
[Black "Virtic, Franc"]
[Result "1/2-1/2"]
[WhiteElo "2009"]
[BlackElo "2123"]
[PlyCount "46"]
[EventDate "2023.09.22"]
[EventType "team-tourn"]
[EventRounds "9"]
[EventCountry "SLO"]
[SourceTitle "CBM 216 Extra"]
[Source "ChessBase"]
[SourceDate "2023.11.30"]
[SourceVersion "1"]
[SourceVersionDate "2023.11.30"]
[SourceQuality "1"]
[WhiteTeam "Slovenska Bistrica"]
[BlackTeam "Maribor Branik"]
[WhiteTeamCountry "SLO"]
[BlackTeamCountry "SLO"]

1. e4 Nf6 2. Nc3 d5 3. exd5 Nxd5 4. Bc4 e6 5. Nf3 c6 6. a4 Nd7 7. 0-0 Be7 8. d3 0-0 9. Ne4 N7f6 10. Nxf6+ Bxf6 11. d4 Qc7 12. c3 Nf4 13. Re1 Ng6 14. h3 Bd7 15. Qe2 Rad8 16. Bg5 Bxg5 17. Nxg5 Qf4 18. Qe3 Qxe3 19. Rxe3 Ne7 20. Re2 Ng6 21. Re3 Ne7 22. Re2 Ng6 23. Re3 Ne7 1/2-1/2

[Event "SLO-chT 29th"]
[Site "Slovenia"]
[Date "2019.12.21"]
[Round "8.5"]
[White "Virtic, Franc"]
[Black "Janzekovic, Klemen Tilen"]
[Result "1-0"]
[WhiteElo "2113"]
[BlackElo "2009"]
[PlyCount "223"]
[EventDate "2019.09.06"]
[EventType "team-tourn"]
[EventRounds "9"]
[EventCountry "SLO"]
[SourceTitle "CBM 195 Extra"]
[Source "ChessBase"]
[SourceDate "2020.05.31"]
[SourceVersion "1"]
[SourceVersionDate "2020.05.31"]
[SourceQuality "1"]
[WhiteTeam "Branik"]
[BlackTeam "Ptuj"]
[WhiteTeamCountry "SLO"]
[BlackTeamCountry "SLO"]

1. c4 Nf6 2. g3 c6 3. Bg2 d5 4. Nh3 e5 5. cxd5 cxd5 6. d4 e4 7. 0-0 h6 8. Nc3 Nc6 9. f3 exf3 10. exf3 Be7 11. Nf4 0-0 12. Be3 Bd6 13. Qd2 Bf5 14. Nd3 Re8 15. Rae1 Rc8 16. Bf2 Qb6 17. Ne5 Bb4 18. g4 Be6 19. h4 Na5 20. Re2 Red8 21. Be3 Nd7 22. Bf2 Nc4 23. Nxc4 Rxc4 24. a3 Bxc3 25. bxc3 Rdc8 26. g5 hxg5 27. Qxg5 Rxc3 28. Rfe1 Qd8 29. Qf4 Rxa3 30. h5 Qf6 31. Qd6 Ra6 32. Qb4 Rb6 33. Qa4 Ra6 34. Qb4 Nb6 35. Be3 Bf5 36. h6 Ra4 37. Qb3 gxh6 38. Bf1 Kh7 39. Rh2 Rg8+ 40. Kf2 Rg6 41. Be2 Qe7 42. Bc1 Qb4 43. Qxb4 Rxb4 44. Reh1 Kg7 45. Rh5 Bc2 46. Bxh6+ Kf6 47. Bf8 Rxd4 48. Bc5 Ra4 49. Bxb6 axb6 50. Rxd5 Ra2 51. Ke3 Ke7 52. Bb5 Rd6 53. Rxd6 Kxd6 54. Kd4 Ra3 55. Rh6+ Bg6 56. Be2 Ra4+ 57. Ke3 Kc5 58. Rh8 b5 59. f4 Ra3+ 60. Kd2 Bf5 61. Rh5 Kd4 62. Rxf5 Ra2+ 63. Kd1 Ke3 64. Bxb5 Rf2 65. Rxf7 Rxf4 66. Rxb7 Rf2 67. Be2 Rf4 68. Rb3+ Ke4 69. Kd2 Rf8 70. Rb4+ Ke5 71. Ke3 Rh8 72. Rb5+ Kd6 73. Bd3 Rh4 74. Be4 Rh2 75. Rb6+ Ke5 76. Rb5+ Kd6 77. Kd4 Rd2+ 78. Bd3 Rd1 79. Rb6+ Ke7 80. Ke4 Re1+ 81. Kf5 Rd1 82. Be4 Rd6 83. Rb7+ Rd7 84. Rb5 Rd6 85. Bd5 Rd7 86. Ke5 Rd6 87. Rb7+ Rd7 88. Rb6 Kd8 89. Be6 Kc7 90. Rb2 Rd6 91. Bd5 Rb6 92. Rc2+ Kb8 93. Bc6 Kc7 94. Bd5+ Kb8 95. Rh2 Ka7 96. Rh7+ Ka6 97. Rc7 Ka5 98. Kd4 Rb4+ 99. Bc4 Kb6 100. Rh7 Rb1 101. Rh6+ Ka7 102. Kc5 Rb7 103. Ra6+ Kb8 104. Bd5 Rc7+ 105. Bc6 Ra7 106. Rb6+ Kc7 107. Bb5 Rb7 108. Rh6 Kb8 109. Rh8+ Ka7 110. Bc6 Rb8 111. Rh7+ Ka6 112. Rh1 1-0

[Event "SLO-chT1 East"]
[Site "Slovenia"]
[Date "2017.09.30"]
[Round "2"]
[White "Povse, Tim"]
[Black "Virtic, Franc"]
[Result "0-1"]
[WhiteElo "1370"]
[BlackElo "2104"]
[PlyCount "64"]
[EventDate "2017.09.29"]
[EventType "team-tourn"]
[EventRounds "9"]
[EventCountry "SLO"]
[SourceTitle "EXT 2019"]
[Source "ChessBase"]
[SourceDate "2018.10.10"]
[SourceVersion "1"]
[SourceVersionDate "2018.10.10"]
[SourceQuality "1"]
[WhiteTeam "Milan Majcen Sevnica"]
[BlackTeam "Maribor Branik"]
[WhiteTeamCountry "SLO"]
[BlackTeamCountry "SLO"]

1. e4 Nf6 2. Nc3 d5 3. exd5 Nxd5 4. Nxd5 Qxd5 5. Qf3 Qc5 6. Bd3 Nc6 7. Qe3 Qa5 8. Nf3 Bg4 9. Be4 Bd7 10. 0-0 e6 11. c3 Bd6 12. Bc2 0-0-0 13. Ng5 Rdf8 14. d4 e5 15. Nf3 exd4 16. Nxd4 Qh5 17. Nf3 h6 18. Qe4 g5 19. g3 Re8 20. Qd5 Bh3 21. Bf5+ Kb8 22. Bxh3 Qxh3 23. Be3 f5 24. Bc5 g4 25. Bxd6 gxf3 26. Bxc7+ Kxc7 27. Qxf3 Qg4 28. Qd3 Qe4 29. Qb5 Ne5 30. Rfe1 Nf3+ 31. Kf1 Nxe1 32. Qa5+ Kb8 0-1

[Event "SLO-chT1 East"]
[Site "Sentjur"]
[Date "2013.10.19"]
[Round "4"]
[White "Virtic, Franc"]
[Black "Kranjec, Primoz"]
[Result "1-0"]
[WhiteElo "2088"]
[BlackElo "1886"]
[PlyCount "101"]
[EventDate "2013.10.17"]
[EventType "team-tourn"]
[EventRounds "9"]
[EventCountry "SLO"]
[SourceTitle "EXT 2015"]
[Source "ChessBase"]
[SourceDate "2014.11.20"]
[SourceVersion "1"]
[SourceVersionDate "2014.11.20"]
[SourceQuality "1"]

1. c4 Nf6 2. g3 c6 3. Bg2 d5 4. Nf3 e6 5. 0-0 Bd6 6. Qc2 Nbd7 7. d3 0-0 8. Nbd2 e5 9. Nh4 Re8 10. Rb1 Rb8 11. b4 b5 12. c5 Bc7 13. e4 d4 14. a4 a6 15. axb5 axb5 16. Ra1 Nf8 17. Nb3 Ng6 18. Nxg6 fxg6 19. Ra7 Be6 20. Na5 Qd7 21. Bd2 Ra8 22. Rxa8 Rxa8 23. Ra1 Bd8 24. Qb2 h6 25. Ra3 Kh7 26. Bc1 Rc8 27. Nb3 Qf7 28. Nd2 Nd7 29. Ra7 Bg5 30. Nf3 Bxc1 31. Qxc1 Qf6 32. Qd2 Rf8 33. Ne1 Qd8 34. Bf1 Qb8 35. Ra5 Nf6 36. f3 Qc7 37. Qb2 g5 38. h3 Nh5 39. Kh2 Qf7 40. Qe2 Nf6 41. Bg2 h5 42. f4 exf4 43. gxf4 g4 44. e5 Nd5 45. Qe4+ Kh6 46. Ra6 gxh3 47. Rxc6 Nxf4 48. Bf3 g6 49. Qxd4 Qe7 50. Qd6 Qh4 51. Qxf8+ 1-0

[Event "SLO-chT1 Ost"]
[Site "Sentjur"]
[Date "2011.10.13"]
[Round "1"]
[White "Krnjovsek, Andrej"]
[Black "Virtic, Franc"]
[Result "1/2-1/2"]
[WhiteElo "2057"]
[BlackElo "2105"]
[PlyCount "71"]
[EventDate "2011.10.13"]
[EventType "team-tourn"]
[EventRounds "9"]
[EventCountry "SLO"]
[SourceTitle "EXT 2022"]
[Source "ChessBase"]
[SourceDate "2021.10.06"]
[SourceVersion "1"]
[SourceVersionDate "2021.10.06"]
[SourceQuality "1"]
[WhiteTeam "Slovenj Gradec"]
[BlackTeam "Maribor Kovinar Nova"]
[WhiteTeamCountry "SLO"]
[BlackTeamCountry "SLO"]

1. e4 Nf6 2. e5 Nd5 3. d4 d6 4. exd6 exd6 5. c4 Nb6 6. d5 Be7 7. Bd3 N8d7 8. Nf3 0-0 9. Qc2 g6 10. Be3 Bf6 11. 0-0 Ne5 12. Nxe5 Bxe5 13. f4 Bg7 14. Nd2 Re8 15. Bf2 Qf6 16. Rab1 Bd7 17. Ne4 Qd8 18. Ng3 f5 19. b3 Qf6 20. Rfe1 Qc3 21. Ne2 Qxc2 22. Bxc2 Kf7 23. Nd4 a6 24. Kf1 Rac8 25. Rxe8 Rxe8 26. Re1 Rxe1+ 27. Kxe1 h6 28. h4 Kf6 29. Nf3 Nc8 30. Bd4+ Kf7 31. Bxg7 Kxg7 32. Nd4 Kf6 33. Kf2 Ne7 34. Ke3 Ng8 35. g3 Ne7 36. Bd1 1/2-1/2

[Event "SLO-chT1 East"]
[Site "Celje"]
[Date "2008.12.13"]
[Round "4"]
[White "Radosavljevic, Robi"]
[Black "Virtic, Franc"]
[Result "1/2-1/2"]
[WhiteElo "2129"]
[BlackElo "2121"]
[PlyCount "22"]
[EventDate "2008.11.20"]
[EventType "tourn"]
[EventRounds "9"]
[EventCountry "SLO"]
[SourceTitle "EXT 2010"]
[Source "ChessBase"]
[SourceDate "2010.11.25"]
[SourceVersion "1"]
[SourceVersionDate "2010.11.25"]
[SourceQuality "1"]

1. e4 Nf6 2. e5 Nd5 3. d4 d6 4. c4 Nb6 5. f4 dxe5 6. fxe5 c5 7. d5 e6 8. Nc3 exd5 9. cxd5 c4 10. Nf3 Bg4 11. Qd4 Bxf3 1/2-1/2

[Event "SLO-chT1 East"]
[Site "Celje"]
[Date "2007.11.13"]
[Round "3"]
[White "Virtic, Franc"]
[Black "Ivanec, Dezider"]
[Result "0-1"]
[WhiteElo "2099"]
[BlackElo "2156"]
[PlyCount "106"]
[EventDate "2007.11.11"]
[EventType "tourn"]
[EventRounds "9"]
[EventCountry "SLO"]
[SourceTitle "EXT 2010"]
[Source "ChessBase"]
[SourceDate "2010.11.25"]
[SourceVersion "1"]
[SourceVersionDate "2010.11.25"]
[SourceQuality "1"]

1. c4 Nf6 2. b3 g6 3. Bb2 Bg7 4. g3 0-0 5. Bg2 d5 6. cxd5 Nxd5 7. Bxg7 Kxg7 8. h4 h5 9. Qc2 Nc6 10. Nf3 Kg8 11. a3 Nf6 12. Ng5 Bf5 13. d3 Qd4 14. Nc3 Qc5 15. 0-0 Nd4 16. Qa2 Qxc3 17. Rac1 Qa5 18. Bxb7 Rab8 19. b4 Qe5 20. Bf3 Nxf3+ 21. Nxf3 Qd6 22. Rc5 Nd7 23. Ra5 a6 24. Rc1 Rb5 25. Ra4 Ne5 26. Ng5 Ng4 27. Qc4 Qb6 28. e3 Nxe3 29. fxe3 Qxe3+ 30. Kg2 Bxd3 31. Qf4 Qxf4 32. gxf4 Rf5 33. Kg3 Bb5 34. Ra5 Rd8 35. Kf3 e5 36. Rc3 Rxf4+ 37. Ke3 Rxh4 38. a4 Bf1 39. Rxc7 Rd3+ 40. Kf2 Rf4+ 41. Ke1 Re3+ 42. Kd2 Re2+ 43. Kc1 Bh3 44. Rc2 Rxc2+ 45. Kxc2 Bf1 46. Kc3 f6 47. Ne6 Rf3+ 48. Kc2 h4 49. b5 h3 50. b6 Rf2+ 51. Kc3 Bg2 52. Rc5 h2 53. Rc8+ Kf7 0-1

[Event "SLO-chT1 East"]
[Site "Celje"]
[Date "2006.11.06"]
[Round "5"]
[White "Virtic, Franc"]
[Black "Urisek, Dimitri"]
[Result "1-0"]
[WhiteElo "2148"]
[BlackElo "1953"]
[PlyCount "55"]
[EventDate "2006.11.04"]
[EventType "team-tourn"]
[EventRounds "9"]
[EventCountry "SLO"]
[SourceTitle "EXT 2008"]
[Source "ChessBase"]
[SourceDate "2007.11.25"]
[SourceVersion "1"]
[SourceVersionDate "2007.11.25"]
[SourceQuality "1"]

1. c4 Nf6 2. b3 g6 3. Bb2 Bg7 4. g3 c5 5. Bg2 0-0 6. Nf3 Nc6 7. 0-0 d6 8. d4 cxd4 9. Nxd4 Nxd4 10. Bxd4 Qc7 11. Nc3 Bd7 12. Nb5 Qb8 13. e4 Bc6 14. Qe2 a6 15. Nc3 e6 16. Rfd1 Rd8 17. Bb6 Rd7 18. Rac1 h5 19. b4 Ne8 20. b5 axb5 21. cxb5 Ra3 22. bxc6 bxc6 23. Bd4 e5 24. Bc5 Ra5 25. Rb1 Qa8 26. Bb6 Ra6 27. a4 Bf8 28. Bf1 1-0

[Event "SLO-chT1 East"]
[Site "Celje"]
[Date "2006.11.04"]
[Round "2"]
[White "Vida, Evgen"]
[Black "Virtic, Franc"]
[Result "1/2-1/2"]
[WhiteElo "1978"]
[BlackElo "2148"]
[PlyCount "47"]
[EventDate "2006.11.04"]
[EventType "team-tourn"]
[EventRounds "9"]
[EventCountry "SLO"]
[SourceTitle "EXT 2008"]
[Source "ChessBase"]
[SourceDate "2007.11.25"]
[SourceVersion "1"]
[SourceVersionDate "2007.11.25"]
[SourceQuality "1"]

1. d4 f5 2. e4 fxe4 3. Nc3 Nf6 4. Bg5 e6 5. Nxe4 Be7 6. Nxf6+ Bxf6 7. Bxf6 Qxf6 8. Nf3 0-0 9. c3 b6 10. Be2 Nc6 11. 0-0 Ne7 12. Ne5 d6 13. Ng4 Qg5 14. g3 Nf5 15. Qc1 Qg6 16. Ne3 Bb7 17. Nxf5 Rxf5 18. f4 Raf8 19. Bd3 Qg4 20. Bxf5 Qxf5 21. Rf2 Qe4 22. Kf1 Ba6+ 23. Kg1 Bb7 24. Kf1 1/2-1/2